Loreto College Library, Kolkata
WEBOPAC (ONLINE PUBLIC ACCESS CATALOGUE)

Balance of power in the nuclear age (Record no. 17271)

MARC details
000 -LEADER
fixed length control field 00521nam a2200193Ia 4500
005 - DATE AND TIME OF LATEST TRANSACTION
control field 20231122120834.0
008 - FIXED-LENGTH DATA ELEMENTS--GENERAL INFORMATION
fixed length control field 131103s9999 xx 000 0 und d
040 ## - CATALOGING SOURCE
Original cataloging agency Loreto College
041 ## - LANGUAGE CODE
Language code English
082 ## - DDC | ডিউই
Classification number | বর্গসংখ্যা 327
Book Number | গ্রন্থাঙ্ক JAI
100 ## - MAIN ENTRY--PERSONAL NAME | মুখ্য সংলেখ - ব্যাক্তিনাম
Personal name | ব্যাক্তিনাম Jaipal, Rikhi
245 ## - TITLE STATEMENT | অাখ্যা বিবরণী
Title | অাখ্যা Balance of power in the nuclear age
Statement of responsibility | লেখকের দায়িত্বের বিবরণ Rikhi Jaipal
260 ## - IMPRINT | প্রকাশনা ক্ষেত্র
Place of publication | প্রকাশ স্থান Ahmedabad
Name of publisher | প্রকাশকের নাম Allied Pub
Date of publication | প্রকাশ কাল 1989
300 ## - PHYSICAL DESCRIPTION |
Page / Vol. No | পৃষ্ঠা / খন্ড সংখ্যা 208p
504 ## - BIBLIOGRAPHY, ETC. NOTE
Bibliography, etc Includes bibliographical reference and index
650 ## - SUBJECT ADDED ENTRY--TOPICAL TERM | বিষয় শিরোনাম - মূল বিষয়
Topical term | মূল বিষয় International Relations
850 ## - HOLDING INSTITUTION
Holding institution LCLIB
942 ## - ADDED ENTRY ELEMENTS (KOHA)
Koha item type Books
Holdings
Withdrawn status Lost status Source of classification Damaged status Not for loan Home library Current library Date acquired Total Checkouts Full call number Accession No. Date last seen Price effective from Koha item type Coded location qualifier
    Dewey Decimal Classification     Loreto College Loreto College 04/11/2013   327 JAI 36591 B17591 04/11/2013 04/11/2013 Books